Name all of the Waterfowl in the UK - Statistics

General Stats
  • This quiz has been taken 17 times
  • The average score is 17 of 34
Answer Stats
Hint Answer % Correct
Duck Mallard
100%
Duck Teal
77%
Swan Mute Swan
69%
Goose Canada Goose
62%
Duck Eider
62%
Goose Barnacle Goose
54%
Goose Bean Goose
54%
Goose Egyptian Goose
54%
Duck Gadwall
54%
Sawbill Goosander
54%
Duck Greater Scaup
54%
Goose Greylag Goose
54%
Sawbill Red-Breasted Merganser
54%
Duck Shoveler
54%
Swan Whooper Swan
54%
Duck Wigeon
54%
Swan Bewick's Swan
46%
Goose Brent Goose
46%
Duck Garganey
46%
Duck Long-Tailed Duck
46%
Duck Mandarin
46%
Goose Pink-Footed Goose
46%
Duck Pintail
46%
Duck Pochard
46%
Duck Red-Crested Pochard
46%
Sawbill Smew
46%
Duck Tufted Duck
46%
Goose White-Fronted Goose
46%
Duck Common Scoter
38%
Duck Ruddy Duck
38%
Duck Shelduck
38%
Duck Velvet Scoter
38%
Duck Goldeneye
31%
Duck King Eider
23%
No matching quizzes found
Score Distribution
Percent of People with Each Score
Percentile by Number Answered
Your Score History
You have not taken this quiz